000 00274nam a22001337a 4500
008 190125b xxu||||| |||| 00| 0 eng d
041 _aeng
080 _a53
082 _a53
100 _a43
101 _aFIZ
245 _aPhysics
_cVerwiebe L.Farank
942 _2udc
_cBK
999 _c53810
_d53810